=LDR 00000nam 2200000 4500 =001 INLIS000000000021340 =005 20130612120215 =008 ***********************************Ind** =035 ##$$0010-061300000021340 =041 ##$$a Ind =082 ##$$a 631.51 =090 ##$$a 631.51, Kus p =100 ##$$a Kuswandi =245 ##$$a Pengapuran Tanah Pertanian, Kuswandi =260 ##$$a 2000 $b Yogyakarta =300 ##$$a 89 hlm, Ilus, 21 cm =650 ##$$a Tanah-Penolahan =850 ##$$a NBPNMAT